Land Law concentrate / (Record no. 9699)

MARC details
000 -LEADER
fixed length control field 00845nam a22001817a 4500
005 - DATE AND TIME OF LATEST TRANSACTION
control field 20230615140448.0
008 - FIXED-LENGTH DATA ELEMENTS--GENERAL INFORMATION
fixed length control field 230615b ||||| |||| 00| 0 eng d
020 ## - INTERNATIONAL STANDARD BOOK NUMBER
International Standard Book Number 9780198759188
050 ## - LIBRARY OF CONGRESS CALL NUMBER
Classification number KD829.6.S29(5e)
100 ## - MAIN ENTRY--PERSONAL NAME
9 (RLIN) Sayles, Victoria.
245 ## - TITLE STATEMENT
Title Land Law concentrate /
Statement of responsibility, etc. Victoria Sayles.
250 ## - EDITION STATEMENT
Edition statement 5th ed.
260 ## - PUBLICATION, DISTRIBUTION, ETC.
Place of publication, distribution, etc. New York:
Name of publisher, distributor, etc. Oxford University Press,
Date of publication, distribution, etc. 2016.
300 ## - PHYSICAL DESCRIPTION
Extent xvii, 245p.:
Dimensions 22 cm.
500 ## - GENERAL NOTE
General note Includes index.
505 ## - FORMATTED CONTENTS NOTE
Formatted contents note Contents: Introduction: proprietary rights -- The distinction between legal and equitable interests -- Registered land -- Unregistered land -- The freehold estate -- The leasehold estate -- Covenants in leases -- Adverse possession -- Trusts of land -- Co-ownership -- Licences and proprietary estoppel -- Easements and profits -- Freehold covenants -- Mortgages.
942 ## - ADDED ENTRY ELEMENTS (KOHA)
Source of classification or shelving scheme Library of Congress Classification
Koha item type Books
Holdings
Withdrawn status Lost status Source of classification or shelving scheme Damaged status Not for loan Home library Current library Shelving location Date acquired Total Checkouts Full call number Barcode Date last seen Copy number Price effective from Koha item type
    Library of Congress Classification     WISCONSIN INTERNATIONAL UNIVERSITY COLLEGE, GHANA - MAIN LIBRARY WISCONSIN INTERNATIONAL UNIVERSITY COLLEGE, GHANA - MAIN LIBRARY Law Library 15/06/2023   KD829.6.S29(5e) 2906/075/23 15/06/2023 1 15/06/2023 Books
    Library of Congress Classification     WISCONSIN INTERNATIONAL UNIVERSITY COLLEGE, GHANA - MAIN LIBRARY WISCONSIN INTERNATIONAL UNIVERSITY COLLEGE, GHANA - MAIN LIBRARY Law Library 15/06/2023   KD829.6.S291(5e) 2907/076/23 15/06/2023 2 15/06/2023 Books
    Library of Congress Classification     WISCONSIN INTERNATIONAL UNIVERSITY COLLEGE, GHANA - MAIN LIBRARY WISCONSIN INTERNATIONAL UNIVERSITY COLLEGE, GHANA - MAIN LIBRARY Law Library 15/06/2023   KD829.6.S292(5e) 2908/077/23 15/06/2023 3 15/06/2023 Books
    Library of Congress Classification     WISCONSIN INTERNATIONAL UNIVERSITY COLLEGE, GHANA KUMASI LIBRARY WISCONSIN INTERNATIONAL UNIVERSITY COLLEGE, GHANA KUMASI LIBRARY Law Library 05/06/2023   KD829.6.S29(5e) KSL/2206/409/23 20/06/2023 1 20/06/2023 Books
    Library of Congress Classification     WISCONSIN INTERNATIONAL UNIVERSITY COLLEGE, GHANA KUMASI LIBRARY WISCONSIN INTERNATIONAL UNIVERSITY COLLEGE, GHANA KUMASI LIBRARY Law Library 05/06/2023   KD829.6.S291(5e) KSL/2207/410/23 20/06/2023 2 20/06/2023 Books
    Library of Congress Classification     WISCONSIN INTERNATIONAL UNIVERSITY COLLEGE, GHANA KUMASI LIBRARY WISCONSIN INTERNATIONAL UNIVERSITY COLLEGE, GHANA KUMASI LIBRARY Law Library 05/06/2023   KD829.6.S292(5e) KSL/2208/411/23 20/06/2023 3 20/06/2023 Books

If you have any concerns or questions; kindly contact the library


© Powered by WIUC ICT DIRECTORATE